भारतीय समाज, संस्थाएँ और संस्कृति / (Record no. 52210)

MARC details
000 -LEADER
fixed length control field 00639nam a2200193Ia 4500
005 - DATE AND TIME OF LATEST TRANSACTION
control field 20260429112055.0
008 - FIXED-LENGTH DATA ELEMENTS--GENERAL INFORMATION
fixed length control field 260429s9999||||xx |||||||||||||| ||und||
020 ## - INTERNATIONAL STANDARD BOOK NUMBER
International Standard Book Number 9788126941544
041 ## - LANGUAGE CODE
Language Hindi
082 ## - DEWEY DECIMAL CLASSIFICATION NUMBER
Classification number 306.0954
Item number SHA
100 ## - MAIN ENTRY--PERSONAL NAME
Personal name शर्मा, राम नाथ
245 #0 - TITLE STATEMENT
Title भारतीय समाज, संस्थाएँ और संस्कृति /
Statement of responsibility, etc राम नाथ शर्मा
250 ## - EDITION STATEMENT
Edition statement rep.
260 ## - PUBLICATION, DISTRIBUTION, ETC. (IMPRINT)
Place of publication, distribution, etc नई दिल्ली :
Name of publisher, distributor, etc अटलांटिक,
Date of publication, distribution, etc 2025.
300 ## - PHYSICAL DESCRIPTION
Extent 432 p.; Hb
650 ## - SUBJECT ADDED ENTRY--TOPICAL TERM
Topical term or geographic name as entry element Sociology
700 ## - ADDED ENTRY--PERSONAL NAME
Personal name आर. के. शर्मा
942 ## - ADDED ENTRY ELEMENTS (KOHA)
Koha item type Text Books
Holdings
Withdrawn status Lost status Damaged status Not for loan Collection code Home library Location Shelving location Date of Cataloging Source of acquisition Total Checkouts Full call number Barcode Date last seen Price effective from Koha item type
        Non-fiction CUTN Central Library CUTN Central Library Social Sciences 29/04/2026 Atlantic Publishers and Distributors, Chennai - Invoice No. 3013318 on 17-02-2026   306.0954 SHA 57286 29/04/2026 29/04/2026 Text Books